000 00456nam a2200193Ia 4500
005 20240823020425.0
008 240823s9999||||xx |||||||||||||| ||und||
020 _a0-07-059715-4
041 _aENGLISH
082 _A658.848 P3
100 _aAswathappa K
245 0 _aInternational Business
250 _a2nd
260 _c2003
_b"TMH,New "
_aNew Delhi
500 _aYES
650 _aBusiness
_bManagement Studies
942 _cBK
999 _c174719
_d174719